000 00730nam a22001817a 4500
003 BD-DhUL
005 20180508093057.0
008 180508s1976 ii ||||| |||| 00| 0 ben d
040 _aBD-DhUL
_cBD-DhUL
082 _a891.443
_bMUR
100 1 _aআলী, সৈয়দ মুজতবা
245 0 0 _aসৈয়দ মুজতবা আলী রচনাবলী :
_bখণ্ড ১১ : অপ্রকাশিত রচনা /
_cসৈয়দ মুজতবা আলী
260 _aকলিকাতা :
_bমিত্র ও ঘোষ,
_c১৯৭৬।
300 _a খ. ;
_c২২ সেমি.।
650 4 _aবাংলা উপন্যাস
650 4 _aBengali fiction
942 _2ddc
_cBK
999 _c241051
_d241051